000
00215 a2200097 4500
001
46008
100
_a
Brassey's
245
_a
Brassey's annual
260
_a
London
_b
William clowes & Sons
_c
090
_c
29134
_d
29134
942
_a
NUST-CAE
_c
M
_c
21263
999
_c
281081
_d
281081